The Importance of Stabilizing the Exchange Rate of Syrian Pound in Achieving Economic Stability in Syria diplomová práca

Enregistré dans:
Détails bibliographiques
Auteur principal: Mkiyes, Hussein Ahmad
Collectivité auteur: Národohospodárska fakulta EU. Katedra financií
Autres auteurs: Káčer, Marek, 1976-
Format: Livre
Langue:anglais
Publié: Bratislava 2021
Tags: Ajouter un tag
Pas de tags, Soyez le premier à ajouter un tag!

MARC

LEADER 00000nbm a2200000 4500
001 0274310
005 20220104091820.8
041 0 |a eng 
044 |a SK 
245 1 0 |a The Importance of Stabilizing the Exchange Rate of Syrian Pound in Achieving Economic Stability in Syria  |b diplomová práca  |c Hussein Ahmad Mkiyes ; školiteľ: Marek Káčer 
264 1 |a Bratislava  |c 2021 
300 |a 69 s. 
100 1 |a Mkiyes, Hussein Ahmad 
700 1 |a Káčer, Marek, 1976- 
710 2 |a Národohospodárska fakulta EU. Katedra financií